Statistics for Utah Jazz 2016-17 Roster

Click here to take the quiz!

General Stats

  • This quiz has been taken 152 times
  • The average score is 8 of 16

Answer Stats

NbrPostPlayer% Correct
27CenterRudy Gobert
96%
20ForwardGordon Hayward
79%
15Forward-CenterDerrick Favors
73%
2ForwardJoe Ingles
61%
3GuardGeorge Hill
58%
-Head CoachQuin Snyder
54%
11GuardDante Exum
51%
5GuardRodney Hood
51%
6Forward-GuardJoe Johnson
46%
10GuardAlec Burks
38%
33Center-ForwardBoris Diaw
34%
25GuardRaul Neto
34%
41ForwardTrey Lyles
34%
8GuardShelvin Mack
26%
21ForwardJoel Bolomboy
21%
24CenterJeff Withey
17%

Score Distribution

Percentile by Number Answered

Percent of People with Each Score

Your Score History

You have not taken this quiz